000 00605nam a2200229Ia 4500
003 OSt
005 20221007071915.0
006 a|||||r|||| 00| 0
007 ta
008 221006b |||||||| |||| 00| 0 eng d
024 _a13,912
037 _cTextual
040 _aFLL
_cFLL
_beng
041 _2eng
_aeng
082 _aXOW:91, L0
100 _aKindleberger C.P. Au.
_9684089
245 0 _aPower and money
260 _aLondon
_bMacmillan and co. ltd. London
_c1970
300 _a264p
_ccm.
942 _hXOW:91, L0
_cTEXL
_2CC
999 _c1144640
_d1144640